| 000 | 00947nas a2200301 4500 | ||
|---|---|---|---|
| 001 | BR0707986 | ||
| 003 | BR-BrBNA | ||
| 005 | 20231205111415.0 | ||
| 007 | ta | ||
| 008 | 230509b bl.|||p| |||| 00| 00por d | ||
| 040 |
_aBR-BrBNA _bpor _cBiblioteca Nacional de Agricultura |
||
| 041 | _a(Pt) | ||
| 072 | _aL74 | ||
| 100 | 1 | _aVieira, M.C. de M. | |
| 100 | 1 | _aSilva, L.A.F. da | |
| 100 | 1 | _aBorges, N.C. | |
| 100 | 1 | _aAraújo, J.L. de B. | |
| 100 | 1 | _aSantin, A.P.I. | |
| 100 | 1 | _aSilva, E.V. | |
| 245 | 1 | _aEstudo da prevalência de otites clínicas por Rhabditis sp. em bovinos da raça gir no estado de Goiás | |
| 650 | _aOTITE | ||
| 650 | _aBOVINO | ||
| 650 | _aGADO GIR | ||
| 650 | _aGOIÁS | ||
| 773 | 0 |
_tAnais da Escola de Agronomia e Veterinária - Universidade Federal de Goiás (Brazil) _xISSN 0100-218X _g(Jul-Dec 1998), v. 28(2) p. 19-29 _wBR0707986 |
|
| 909 |
_a202311 _bLúcia _c55 _dLúcia Elande |
||
| 942 |
_2AGRIS _n0 _cANA |
||
| 999 |
_c192548 _d192548 |
||